[Event "World Championship 28th"]
[Site "Reykjavik"]
[Date "1972.08.03"]
[Round "10"]
[White "Fischer, Robert James"]
[Black "Spassky, Boris V"]
[Result "1-0"]
[WhiteElo "2785"]
[BlackElo "2660"]
[PlyCount "111"]
[EventDate "1972.07.11"]
[EventType "match"]
[EventRounds "21"]
[EventCountry "ISL"]
[SourceDate "2006.10.07"]

1. e4 e5 2. Nf3 Nc6 3. Bb5 a6 4. Ba4 Nf6 5. O-O Be7 6. Re1 b5 7. Bb3 d6 (7...
O-O 8. c3 d5 {Fischer-Spassky/Santa Monica/1966/1/2/35/}) 8. c3 O-O 9. h3 Nb8 {
Breyer} 10. d4 Nbd7 11. Nbd2 (11. Nh4 {Simagin} exd4 (11... Nxe4 12. Nf5 Ndf6
13. Qf3 Bxf5 $44 (13... Bb7 $44)) 12. cxd4 Nb6 13. Nd2 c5 14. Bc2 cxd4 15. Nhf3
Re8 16. Nxd4 Bf8 17. b3 Bb7 $10 {Byrne-Spassky/Moskau/1971/}) (11. c4 c6 12. c5
Qc7 13. cxd6 Bxd6 14. Bg5 exd4 15. Bxf6 gxf6 16. Qxd4 Ne5 17. Nbd2 Rd8 18. Qe3
Nd3 $1 19. Qh6 Bf4 20. Qxf6 Rd6 {Fischer-Portisch/Santa Monica/1966/1/2/71/})
11... Bb7 12. Bc2 Re8 13. b4 (13. Nf1) 13... Bf8 (13... a5 14. Nb3 axb4 15.
cxb4 Rb8 16. Na5 c6 (16... Ba8 17. d5) 17. Nxb7 Rxb7 18. Bb3 $16 {
Suetin-Tringov/Titove Uzice/1966/}) 14. a4 Nb6 (14... a5 15. bxa5 (15. axb5
axb4 16. Bb2 bxc3 17. Bxc3 c6 $10 {Kavalek-Portisch/Wijk aan Zee/1969/}) 15...
Rxa5 16. Rb1 $16 Ba6 (16... Qa8 17. axb5 exd4 18. cxd4 Nxe4 19. Nxe4 Bxe4 20.
Rxe4 $1 Rxe4 21. Ng5 Rh4 22. g3 $1 $16 (22. Nxf7 $6 Kxf7 23. Bg5 Re4 24. Qf3+
Nf6 25. Bxf6 Re1+ $10 {Geller-Portisch/1973/})) 17. d5 Qa8 18. Ba3 c5 19. dxc6
Qxc6 20. Bb4 {Beljavsky-Petrosjan/1973/}) (14... c5 15. bxc5 exd4 16. cxd4 dxc5
$14 {Balashov-Podgaez}) (14... d5 15. Nxe5 (15. dxe5 Nxe4 16. Nxe4 dxe4 17. Bg5
$1 f6 18. Bxe4 Bxe4 19. Rxe4 Nxe5 20. Rd4 Nxf3+ 21. Qxf3 Qc8 $10 {
Wasjukov-Zuidema/Wijk aan Zee/1973/}) 15... dxe4 16. f4 exf3 17. Ndxf3 Nxe5 18.
Nxe5 Bd6 19. Bf4 $14 {Wasjukov-Cholmov/Dubna/1973/}) 15. a5 Nbd7 16. Bb2 (16.
Rb1 d5 $1 $10 {Savon-Voigt/Skopje ol/1972/}) 16... Qb8 {/\ 17... c5} (16... Rb8
17. Rb1 Ba8 18. Ba1 g6 19. c4 bxc4 (19... exd4 20. cxb5 axb5 21. Nxd4 d5 22.
N4f3 dxe4 23. Ng5 e3 $1 24. Bb3 exf2+ 25. Kxf2 Bd5 $10 {Keene}) 20. dxe5 Nxe5
21. Nxe5 dxe5 22. Bc3 Bc6 23. Qe2 Bb5 24. Nxc4 c5 25. bxc5 Rc8 $1 {
Browne-Karpov/Amsterdam/1976/}) 17. Rb1 (17. c4 $1 bxc4 18. Ba4 c6 (18... Rd8
$142 $10 {Anand(1989)}) 19. Nxc4 Qc7 (19... exd4 20. Qxd4 d5 21. exd5 Rxe1+ 22.
Nxe1 Nxd5 23. Nd3 $16 {Kavalek-Reshevsky/Chicago/1973/}) 20. dxe5 dxe5 21. Qb3
$16 {Savon-Muschin/USSR/1973/}) 17... c5 18. bxc5 (18. d5 g6 19. Ba3 {/\ 20.c4}
c4 20. Nf1 Nh5 $10 {Timman}) 18... dxc5 19. dxe5 Nxe5 20. Nxe5 (20. c4 {
Polugajevsky} Nxf3+ (20... Bd6 21. Nh4 $16) 21. Qxf3 Re6 $10 {Timman}) 20...
Qxe5 21. c4 Qf4 $10 {Purdy} 22. Bxf6 (22. e5 Rad8 (22... Red8 23. Re3 $1 Ne8
24. Qe2 $16 {Timman}) (22... Nd7 23. Be4 (23. Nf3 Rad8 24. Bc1 Qxc4 25. Bb3 $16
) 23... Bxe4 24. Rxe4 Qf5 25. Qe2 $16 {Timman}) 23. exf6 $1 (23. Re3 bxc4 $15 {
/\ Nd5}) 23... Rxd2 (23... Rxe1+ 24. Qxe1 Qxd2 (24... Rxd2 25. Bc1 Qg5 26. Qf1
$16) 25. fxg7 (25. Be4 Qxe1+ 26. Rxe1 Bxe4 27. Rxe4 Rd2 28. Be5 b4 $10 29. fxg7
Rd1+ 30. Kh2 Bd6) 25... Qxe1+ 26. Rxe1 Bxg7 27. Bxg7 Kxg7 28. Re7 Rd2 $1 $10 {
Timman}) 24. Qxd2 $1 Qxd2 25. Rxe8 gxf6 (25... Qxc2 26. fxg7 Qxb1+ 27. Kh2 $18
{Timman}) (25... Bc6 26. fxg7 Bxe8 27. Bxh7+ Kxh7 28. gxf8=Q $18 {Timman}) 26.
Bc1 (26. Rbe1 Qxc2 27. R1e3 Kg7 28. Rg3+ Kh6 29. Bxf6 Qb1+ 30. Kh2 Bd6 31. Bg7+
Kh5 32. Be5 Qe4 $1 33. f4 f6 {/\ 34... Be5 -/+/-+ Timman}) 26... Qd7 (26...
Qxc2 27. Bh6 Qxb1+ 28. Kh2 $18) 27. Rxf8+ Kxf8 28. Bh6+ Kg8 (28... Ke8 29. Re1+
Kd8 30. Rd1) 29. Rb3 bxc4 (29... Bc6 30. Rg3+ Kh8 31. Bg7+ Kg8 32. Bxf6+ Kf8
33. Bg7+ $1 (33. Bxh7 Qd1+ 34. Kh2 Qd6) 33... Ke7 (33... Kg8 34. Bd4+ Kf8 35.
Bxc5+ $18) 34. Re3+ Kd8 35. Rd3 $18 {Timman}) 30. Rg3+ Kh8 31. Bg7+ Kg8 32.
Bxf6+ Kf8 33. Bg7+ Ke7 34. Re3+ Kd8 (34... Kd6 35. Bf8+ $18) 35. Bf6+ Kc8 36.
Re7 Qd5 (36... Qc6 37. Bf5+ Kb8 38. Be5+ Ka7 39. f3 $18) 37. f3 $18 {Timman})
22... Qxf6 23. cxb5 Red8 (23... Rad8 24. Qc1 (24. bxa6 Bxa6 25. Ba4 (25. Rb6
Qc3 $19 {Purdy}) 25... Re6 $15 {/\ 26... Rd6}) 24... Qc3 25. bxa6 Bxa6 26. Ba4
$1 $16 {Timman}) (23... axb5 {Polugajevsky} 24. Rxb5 Ba6 25. Rb3 $1 (25. Rb6
Qc3 $17 26. Nb3 (26. Rb3 Qxa5 27. Bd3 Red8 28. Qe2 c4 (28... Rxd3 29. Rxd3 Rd8
30. Rxd8)) 26... c4 {Pougajevsky} (26... Red8 27. Qc1 c4 28. Re3 Qe5 {Timman}))
25... c4 26. Rf3 Qd8 (26... Qd4) 27. Nf1 {=/=/+ Timman}) 24. Qc1 Qc3 (24... Qf4
25. Nc4 $1 (25. Nf3 Qxc1 26. Rexc1 axb5 27. Rxb5 Ba6 28. Rb6 Be2 $10 {Timman})
25... Qxc1 26. Rexc1 axb5 27. Rxb5 Ba6 28. Ba4 Bxb5 29. Bxb5 {
/\ Bc6-d5 +/=/= Timman}) (24... axb5 25. Rxb5 Ba6 26. Rb6 Qc3 (26... Qf4 27.
Nf3 Qxc1 28. Rxc1 c4 29. e5 $14 {Timman}) 27. Nb3 g6 $1 28. e5 (28. Re3 Qe5 {
Timman}) 28... Bh6 29. Qb1 c4 30. Nc5 Qxa5 31. Ne4 Bc8 32. Nd6 Ra6 33. Rb8 Be6
34. Re4 Bf8 35. Rxd8 Qxd8 36. Nxc4 Qc7 37. Bd3 Rc6 38. Qf1 Bf5 39. Rf4 Be6 40.
Qe2 Bg7 {Vasjukov-Smejkal/Polonica Zdroj/1972/1/2/40/}) 25. Nf3 Qxa5 {? Purdy}
(25... c4 $1 $36 {/\ 26... Ba3 Smyslov/Botvinnik} 26. bxa6 (26. b6 Ba3 27. Re3
Rd3 $1 $17 {Timman}) (26. e5 g6 {Purdy}) 26... Bxa6 27. e5 g6 28. e6 $40 {
Olafsson}) (25... axb5 26. e5 $1 (26. Rxb5 Ba6 27. e5 Qxe1+ 28. Qxe1 Bxb5 29.
Qb1 Bc4 $1 (29... Rxa5 30. Bxh7+ Kh8 31. Ng5 Bc4 32. Bg8 $18) 30. Bxh7+ Kh8 31.
Ng5 $6 Be7 32. Bg8 Bd3 33. Nxf7+ Kxg8 $19) 26... g6 (26... b4 $4 27. Re3 $18)
27. Rxb5 Bxf3 (27... Ba6 28. Rb6 Qxa5 29. Qb2 $16) 28. Rb3 Qxa5 29. Rxf3 $16 {
Timman}) 26. Bb3 $1 axb5 27. Qf4 Rd7 (27... c4 28. Bxc4 bxc4 29. Rxb7 f6 (29...
Qh5 30. g4) 30. e5 Qd5 $1 31. Rc7 fxe5 32. Nxe5 (32. Rxe5 Ra1+ 33. Kh2 Bd6 34.
Rxg7+ Kxg7 35. Qg5+ Kf7 36. Qf5+ $10) 32... Bd6 33. Qxc4 (33. Rxg7+ Kxg7 34.
Qg5+ Kh8 35. Qf6+ $10 (35. Ng6+ $4 hxg6 36. Qxd5 Bh2+ $19)) 33... Qxc4 34. Rxc4
Bxe5 35. Rxe5 Ra1+ 36. Kh2 Ra2 {=/+/= Timman}) 28. Ne5 Qc7 29. Rbd1 $1 Re7 (
29... Rad8 30. Bxf7+ Rxf7 (30... Kh8 $4 31. Ng6+ hxg6 32. Qh4#) 31. Qxf7+ Qxf7
32. Nxf7 Rxd1 33. Rxd1 Bxe4 $1 (33... Kxf7 $2 34. Rd7+ $18) (33... b4 34. Nd6 {
/\ 35.e5} Bxd6 35. Rxd6 Bxe4 {/\ 36... b3 -+} 36. Rb6 {/\ 37.Rb5} Bd3 37. Rb7
Kf8 38. f3 Ke8 39. Kf2 Kd8 40. Ke3 Kc8 41. Rxg7 $18) (33... c4 {! Olafsson} 34.
Nd6 Bc6 (34... Ba6 $2 35. Ra1 b4 36. Rxa6 c3 37. Nc4 $1 $18) 35. e5 c3 36. Rb1
Bxd6 37. exd6 Kf7 {/\ 38...c2 39... Be4} 38. f3 $1 Ke6 39. Rb3 b4 40. Rxb4 Kd5
41. Rb1 Kc4 42. Kf2 c2 43. Rc1 Kd3 44. Ke1 Bd7 $10 {Olafsson}) 34. Ng5 Bf5 (
34... Bc2 35. Rd8 Bb3 (35... b4 $1 36. Ne6 Kf7 37. Nxf8 b3 38. Rb8 c4 39. Nd7
c3 40. Ne5+ Ke6 41. Nc4 Bd1 {/\ 42... c2 -+} 42. Na3 c2 43. Nxc2 bxc2 44. Rc8
Kd5 45. Kf1 Kd4 46. Ke1 Kd3 47. Rd8+ Kc3 48. Rxd1 cxd1=Q+ 49. Kxd1 $18 {
Olafsson} Kd3 50. Ke1 g5 51. Kd1 Kd4 52. Kd2 h5 53. g4 $1 (53. g3 g4 $1 $10) (
53. f3 h4 54. Ke2 Ke5 55. Ke3 Kf5 56. f4 g4 $1 57. hxg4+ Kxg4 58. Ke4 Kg3 $10)
53... hxg4 (53... h4 54. f3 Kd5 55. Kd3 Ke5 56. Ke3 Kd5 57. f4 $18) 54. hxg4
Ke4 55. Ke2 Kf4 56. f3 Ke5 57. Ke3 $18 {Timman}) 36. Nxh7 Kxh7 37. Rxf8 $18)
35. Rd5 h6 $3 (35... g6 36. g4 Bc8 37. Rd8 $18) (35... Bg6 36. Rd8 Bf7 37. Nxh7
Kxh7 38. Rxf8 $18) 36. Rxf5 hxg5 37. Kf1 (37. Rxg5 $4 b4 $19) 37... Be7 $1 (
37... b4 38. Ke2 c4 $2 39. Rxg5 b3 40. Rb5 Be7 41. Kd1 Kf7 42. Rb6 {
/\ 43.Rc6 +-}) 38. Ke2 g6 39. Rd5 Kf7 40. Rd7 c4 $10 {Timman}) (29... Rxd1 30.
Bxf7+ Kh8 31. Ng6+ hxg6 32. Qh4#) 30. Bxf7+ Rxf7 31. Qxf7+ Qxf7 32. Nxf7 Bxe4 (
32... c4 33. Nd6 Bc6 34. e5 {
+/-/+- vgl. Anmerkung zum 29.Zug von Schwarz Timman}) 33. Rxe4 (33. Nh6+ $2
gxh6 34. Rxe4 b4 $13 {Timman}) 33... Kxf7 34. Rd7+ Kf6 35. Rb7 Ra1+ (35... b4
$142 36. Rb6+ (36. Kf1 Rc8 37. Rc4 Rd8 38. Ke2 Ke6 39. Rb5 {+- Byrne/ = Timman}
) 36... Kf7 (36... Kf5 37. f3 $1 {+- Nej /\ 38.h4, 39.Rbe6} (37. Rbe6 {
+- Olafsson} Ra1+ 38. Kh2 Bd6+ 39. g3 b3 $132 {Timman})) 37. f4 {
+- Nej/ +/-/ +- Timman -> >>} (37. Ree6 c4 38. Rec6 c3 39. Rb7+ Kg8 40. g3 {
+- Olafsson} h5 {/\ 41... Ra2   Timman})) 36. Kh2 Bd6+ 37. g3 b4 38. Kg2 h5 (
38... Be5 39. f4 Bd4 40. g4 Ra2+ 41. Kf1 Ra3 42. h4 b3 43. f5 $18 {Byrne}) (
38... Kf5 {Nej} 39. Rh4 Be5 40. Rh5+ $1 (40. Rxh7 Bd4 {Nej}) 40... Ke6 41. Rb6+
Bd6 (41... Kd5 42. f4) 42. Rxc5 $18 {Timman}) 39. Rb6 Rd1 40. Kf3 $1 (40. f4 $2
Kf5 41. Rc4 (41. Kf3 Rf1+ 42. Ke2 Kxe4 43. Kxf1 Kd5 $10) 41... Rd2+ 42. Kf3
Rd3+ $10 {Timman}) 40... Kf7 $6 (40... g5 $1 {= Purdy} 41. Ke2 Rd5 42. g4 $1
hxg4 (42... h4 43. f4 $18) 43. hxg4 Kf7 44. Rb7+ Kf8 (44... Kf6 45. Rd7 $18 {
Zugzwang}) 45. Re6 Re5+ 46. Rxe5 Bxe5 47. Kd3 Bd4 48. f3 Ke8 49. Kc4 Kf8 50.
Rd7 Bf2 51. Rd5 Be3 52. Re5 $18 {Timman}) 41. Ke2 Rd5 42. f4 $1 {/\ 43.Rb5} (
42. Rb5 g6 43. Rexb4 $4 Re5+ $19 {Purdy}) 42... g6 43. g4 $1 (43. Rb5 Rf5)
43... hxg4 44. hxg4 g5 (44... Kf6 45. Rb5 Kf7 (45... g5 46. f5) 46. g5 $1 (46.
Rexb4 $2 cxb4 47. Rxd5 Bxf4 $10) 46... Rf5 47. Ke3 Kg7 (47... Rd5 48. Rexb4 $18
) 48. Rb6 Rd5 49. Re6 $18 {Timman}) 45. f5 Be5 46. Rb5 Kf6 (46... Bd4 47. Rb7+
Kf8 48. Re6 $18 {Purdy}) 47. Rexb4 Bd4 48. Rb6+ Ke5 49. Kf3 $1 {/\ 50.Re6#} Rd8
50. Rb8 Rd7 51. R4b7 Rd6 52. Rb6 Rd7 53. Rg6 Kd5 54. Rxg5 Be5 55. f6 {/\ 56.Re8
} Kd4 56. Rb1 $1 (56. Rb1 $1 Bxf6 57. Rd1+ Kc4 58. Rxc5+ Kxc5 59. Rxd7 $18) 1-0

[Event "World Championship 28th"]
[Site "Reykjavik"]
[Date "1972.08.27"]
[Round "19"]
[White "Spassky, Boris V"]
[Black "Fischer, Robert James"]
[Result "1/2-1/2"]
[WhiteElo "2660"]
[BlackElo "2785"]
[PlyCount "80"]
[EventDate "1972.07.11"]
[EventType "match"]
[EventRounds "21"]
[EventCountry "ISL"]
[SourceDate "2006.10.07"]

1. e4 Nf6 2. e5 Nd5 3. d4 d6 4. Nf3 Bg4 5. Be2 e6 6. O-O Be7 7. h3 Bh5 (7...
Bxf3 8. Bxf3 Nc6 9. c4 Nb6 10. Bxc6+ bxc6 11. b3 O-O 12. Nc3 a5 $6 13. Be3 Nd7
14. Qh5 $1 $16 {Vasjukov-Torre/Manila/1974/}) 8. c4 Nb6 9. Nc3 O-O (9... dxe5
10. Nxe5 Bxe2 11. Qxe2 Qxd4 12. Rd1 Qc5 13. b4 Qxb4 14. Nb5 {+/-/+- Timman})
10. Be3 d5 (10... Nc6 11. exd6 cxd6 12. d5 Bxf3 (12... exd5 13. Nxd5 Nxd5 14.
Qxd5 $16) 13. Bxf3 Ne5 14. dxe6 fxe6 15. Bg4 $16 {Timman}) 11. c5 (11. cxd5
Nxd5 12. Qb3 Nb6 13. Rfd1 Qc8 14. d5 Nxd5 15. Nxd5 exd5 16. Rxd5 Nc6 {
Sznapik-Schmidt/Polen ch/1977/}) 11... Bxf3 12. Bxf3 Nc4 13. b3 $1 {Purdy} (13.
Bf4 Nc6 14. b3 N4a5 15. Rc1 b6 16. Na4 $1 (16. Qd2 bxc5 17. dxc5 Rb8 $1 18.
Bxd5 exd5 19. Nxd5 Rb5 $1 20. b4 Nxb4 21. Nxb4 Qxd2 22. Bxd2 Rxc5 $10 {
Geller-Timman/Wijk aan Zee/1973}) 16... Bg5 17. Bxg5 Qxg5 18. Qd3 Rab8 19. Bg4
Qf4 20. Rfd1 f5 21. exf6 Rxf6 22. Qe3 $16 {Geller-Timman/Teeside/1975/}) (13.
Bc1 $6 b6 $10 {Purdy}) 13... Nxe3 14. fxe3 b6 (14... f6 15. Bg4 (15. e4 dxe4
16. Bxe4 (16. Nxe4 fxe5 17. dxe5 Nc6) 16... Nc6 17. Bxc6 bxc6 18. Qg4 f5 $10 {
Timman}) (15. exf6 Bxf6 16. Bg4 Qe7 $10 {Timman}) 15... Qd7 (15... f5 16. Be2
$16) 16. exf6 (16. e4 $2 dxe4 17. exf6 gxf6 $1) 16... Bxf6 17. b4 $14 {Timman})
(14... Nc6 {Petrosjan} 15. Rb1 (15. b4 Nxb4 16. Rb1 Nc6 17. Rxb7 Na5) 15... b6
16. b4 {/\ 17.Qa4 +/- Timman}) 15. e4 $1 {Timman/Purdy} (15. b4 a5 16. a3 (16.
Qa4 Nd7) 16... axb4 17. axb4 Nc6 $1 $10 {Timman}) 15... c6 (15... bxc5 16. exd5
cxd4 17. dxe6 $1 (17. d6 cxd6 18. Bxa8 dxc3 $13) 17... c6 18. exf7+ Rxf7 19.
Ne4 $16) 16. b4 bxc5 (16... a5 17. a3 (17. b5 bxc5 18. bxc6 cxd4 19. exd5 (19.
Nxd5 $17) 19... dxc3 20. d6 Nxc6 $1 21. dxe7 Qxe7 $17 {Timman}) 17... axb4 18.
axb4 Rxa1 19. Qxa1 Bg5 20. Re1 $16 {Timman}) 17. bxc5 Qa5 {! Purdy} (17... Nd7
{>= Purdy} 18. Qa4 Qc7 19. Rab1 Rab8 20. Qa6 $36 {Timman}) 18. Nxd5 {!! Purdy}
(18. Qe1 $142 {Olafsson} Bg5 (18... Qb4 19. Rd1 a5 20. exd5 cxd5 21. Bxd5 $1
exd5 22. Nxd5 Qb7 23. Qe4 Ra7 24. Rb1 {+/-/+- Timman/Olafsson}) (18... Qd8 $142
19. Rb1 $16 {Timman}) 19. exd5 cxd5 20. Nxd5 Qxe1 21. Raxe1 exd5 22. Bxd5 Na6
23. e6 $1 $18 (23. Rxf7 Rxf7 24. Bxa8 Kf8 $13) 23... Rad8 24. Rf5 {
Olafsson/Timman} (24. Bc4 {/\ 25.e7})) 18... Bg5 (18... exd5 19. exd5 cxd5 20.
Bxd5 Nd7 21. Rxf7 $1 (21. Bxa8 $6) 21... Rxf7 22. Bxa8 Kh8 23. Qh5 Rf8 24. Be4
$18 {Purdy}) 19. Bh5 $1 {Timman} (19. Qd3 {! Purdy} Na6 (19... Rd8 20. Bh5 $1
g6 21. Qf3 $1 {+- Gligoric}) (19... exd5 $1 20. exd5 Na6 21. dxc6 Rad8 $10 {
Purdy}) 20. Qc4 (20. Ne3 Rad8 (20... Nb4 21. Nc4 Qxc5 22. Qc3 Be3+ 23. Qxe3
Qxc4 24. Be2 Nc2 25. Bxc4 Nxe3 26. Rfc1 Rfd8 27. Kf2 $14) 21. Nc4 Qxc5 22. Nd6
Nb4 $17 {Timman}) 20... Qb5 $1 (20... cxd5 21. exd5 exd5 22. Bxd5 {+/-/+-} Qc7
23. e6 $1) 21. Qxb5 cxb5 $10 {Timman}) (19. Qe2 Na6 20. Ne3 Qc3 $1 21. Nc2 Nb4
$17 {Timman}) (19. Qe1 Qd8 $17 {Timman}) (19. h4 $5 {Krogius} Bxh4 20. Qe2 (20.
Ne3 $6 Qc3 $1 21. Nc2 Na6 $17 {Purdy}) 20... Na6 21. Ne3 $132 {Timman}) 19...
cxd5 (19... g6 $2 20. Nf6+ $18 {Timman}) 20. Bxf7+ (20. exd5 $142 Na6 {Nej} (
20... exd5 21. Bxf7+ Rxf7 22. Rxf7 Nc6 (22... Qd2 23. Qg4 (23. Rc7 Na6 24. Rb7
Be3+ 25. Kh1 Qxd4 26. Qxd4 Bxd4 27. Rd1 Nxc5 28. Rc7 Na6 $10) 23... Nc6 (23...
Kxf7 24. Rf1+ Ke7 25. Qf5 $18 {Timman}) 24. Rd1 $3 Qe3+ 25. Kh1 Kxf7 26. Rf1+
Kg8 (26... Ke7 27. Qf5 {+/-/+-}) 27. Qe6+ Kh8 28. Qxc6 Rd8 (28... Rg8 29. Qxd5
Bf4 30. Qf3) 29. Qb7 $1 (29. Qxd5 g6) 29... Qxd4 30. c6 Qb6 (30... Qc4) 31. Rb1
Qxb7 32. Rxb7 $18 {Timman}) 23. Qf3 $1 (23. Qh5 Nxd4 24. Raf1 Bh6 $1 (24... Ne6
$4 25. Rxg7+ Nxg7 26. Qf7+ Kh8 27. Qf8+ Rxf8 28. Rxf8# {Timman})) 23... Qb4 24.
Rf1 Qxd4+ 25. Kh1 Qxc5 26. Rc7 $1 $18 {Timman}) 21. Bxf7+ (21. dxe6 fxe6 22.
Qg4 Be3+ 23. Kh1 Nc7 $10 {Nej}) (21. d6 g6 $10) 21... Rxf7 22. Rxf7 Kxf7 23.
Qh5+ Kg8 24. Qxg5 Qc3 25. Rd1 exd5 26. e6 Nc7 27. Qe5 {+/-/+- Timman}) 20...
Rxf7 21. Rxf7 Qd2 $1 {Timman} (21... Be3+ 22. Kh2 Kxf7 23. Qh5+ Ke7 24. Rf1 Nd7
25. Qf7+ Kd8 26. c6 $18 {Timman}) (21... Nc6 22. Qg4 (22. Qh5 {Olafsson}) 22...
Kxf7 23. Rf1+ Kg8 24. Qxe6+ {+/-/+- Timman}) (21... Qc3 22. Rf1 $1 {
Olafsson /\ 23.Qa4, 23.Qg4, 23.Qh5} (22. exd5 exd5 23. Rb1 Nc6 24. Rbb7 Bh6 25.
Qg4 Qxd4+ 26. Qxd4 Nxd4 27. Rxa7 $13 {Nej, +/= Timman}) 22... Nc6 23. Qg4 $1
Qxd4+ 24. Kh1 Qxe5 25. exd5 exd5 (25... Qxd5 26. Rad1 Qe5 27. Qf3 $18) 26. Rae1
Be3 27. Qf3 $18 {Timman}) 22. Qxd2 {!! Purdy} (22. Rc7 Na6 23. Rc6 Nb4 24. Rxe6
dxe4 {<=>/=/+ Timman}) (22. Qh5 $2 Qxd4+ 23. Kh2 Qxe5+ 24. g3 Qb2+ $1 $19 {
Purdy}) 22... Bxd2 23. Raf1 Nc6 24. exd5 $10 (24. Rc7 dxe4 {Olafsson} (24...
Nxd4 25. Rff7 Bh6 26. exd5 exd5 27. Rxa7 $16 {
Byrne/Nej vgl. Anmerkung zu 21...Qd2!, Variante 21... Qc3}) (24... Nd8 25. Re7
(25. exd5 exd5 26. Rd7 {+/-/  Timman}) 25... Nc6 26. Rxe6 (26. Rc7 $10) 26...
Nxd4 27. Re7 Be3+ 28. Kh1 dxe4 29. Rff7 Ne6 $1 $17 {Byrne/Nej}) 25. Rxc6 e3 26.
Rf4 $3 (26. Rxe6 e2 27. Rb1 Rf8 {/\ 28.... Rf1, 29.... Be3 -+}) 26... e2 27.
Re4 e1=Q+ 28. Rxe1 Bxe1 29. Rxe6 $16 {Timman}) 24... exd5 25. Rd7 Be3+ 26. Kh1
Bxd4 27. e6 {/\ 28.Rd6 Purdy} Be5 $1 28. Rxd5 Re8 29. Re1 Rxe6 30. Rd6 $1 Kf7 {
! Purdy} (30... Rxd6 31. cxd6 Kf8 (31... Bxd6 $4 32. Re6 {Purdy}) (31... Kf7
32. Rc1 $13 {/\ 33.Rc7 Purdy}) 32. Rc1 Nd8 33. Rc8 Ke8 34. Rc7 {+/-/  Timman})
31. Rxc6 Rxc6 32. Rxe5 Kf6 33. Rd5 Ke6 34. Rh5 h6 35. Kh2 Ra6 36. c6 Rxc6 37.
Ra5 a6 38. Kg3 Kf6 39. Kf3 Rc3+ 40. Kf2 Rc2+ 1/2-1/2

[Event "Hoogovens"]
[Site "Wijk aan Zee"]
[Date "1975.01.??"]
[Round "2"]
[White "Gligoric, Svetozar"]
[Black "Portisch, Lajos"]
[Result "0-1"]
[WhiteElo "2575"]
[BlackElo "2635"]
[Annotator "Kharitonov"]
[PlyCount "114"]
[EventDate "1975.01.??"]
[EventType "tourn"]
[EventRounds "15"]
[EventCountry "NED"]
[EventCategory "12"]
[SourceDate "2006.10.07"]

1. d4 Nf6 2. c4 e6 3. Nc3 Bb4 4. e3 b6 5. Nge2 Ba6 6. Ng3 Bxc3+ (6... h5 $5 7.
h4 Bb7 8. Qd3 d5 9. cxd5 exd5 10. Qc2 c5 11. a3 cxd4 12. axb4 dxc3 13. bxc3
Nbd7 14. Nf5 O-O $13 {Knaak,R-Bronstein,D/Tallinn/1979/1:0/34/}) (6... O-O 7.
e4 Nc6 8. Bd3 e5 9. d5 Na5 10. Qe2 Bxc3+ 11. bxc3 c6 12. Nf5 Ne8 13. f4 $1 Qc7
14. fxe5 Qxe5 15. O-O $16 {Spassky,B-Huebner,R/Munich/1979/1:0/28/}) 7. bxc3 d5
8. cxd5 (8. Ba3 Bxc4 9. Bxc4 dxc4 10. Qa4+ Qd7 11. Qxc4 Qc6 12. Qxc6+ Nxc6 13.
c4 O-O-O 14. Rc1 Kb7 15. Ke2 h5 $5 16. f3 $6 (16. h4 $5 {/\f3+/=/}) 16... h4
17. Nf1 Rh5 $1 $13 {Ivanchuk,V-Timman,J (02)/Hilversum m/1991/1:0/44/}) (8. Qf3
$5 O-O 9. cxd5 exd5 (9... Bxf1 10. dxe6) 10. Bxa6 Nxa6 11. Qe2 $14) 8... Bxf1
9. Kxf1 Qxd5 $1 (9... exd5 $6 10. Ba3 $1 $16) 10. Qd3 Nbd7 (10... c5 $6 11. e4
Qd7 12. e5 Nd5 13. Ne4 O-O 14. Ng5 $36) 11. e4 (11. c4 Qb7 12. Bb2 (12. e4 e5
$13) 12... c5 $13) 11... Qa5 12. e5 $6 (12. Ke2 $5 c5 13. Rd1 O-O 14. Kf1 Rac8
15. Bb2 $13) 12... Nd5 13. c4 (13. Bd2 O-O 14. c4 Qa6 15. Ne4 Rfe8 $1) 13...
Nb4 14. Qb3 (14. Qc3 $5 Nc6 15. Bd2 Qa6 $13) 14... Nc6 $1 (14... c5 $6 15. Bd2
$1) 15. Bb2 O-O 16. Bc3 (16. Qb5 Qxb5 17. cxb5 Nb4 $1 18. Ba3 (18. Rc1 Rfc8 $15
) 18... Nc2 19. Bxf8 Nxa1 20. Be7 a6 $1 $17) 16... Qa6 17. Qb5 $5 Qb7 $1 (17...
Qxb5 18. cxb5 Ne7 19. Bb4 Rfe8 20. Bxe7 Rxe7 21. Ke2 $14) 18. Re1 $2 (18. Ke2
$5) 18... Rfd8 19. h4 $2 (19. f3 $142 Nf8 20. Ne2 {/\Kf2=/+/}) 19... Nf8 $1 20.
Re4 (20. Rd1 Ne7 {/\c5/}) 20... Ne7 $1 $17 21. h5 (21. Rg4 c5 $1 22. Nh5 Nf5 $1
) 21... Nf5 $1 22. Rf4 (22. Rg4 c5 $17) 22... Nxg3+ 23. fxg3 c5 $1 24. Rhh4 (
24. dxc5 Rd1+ 25. Be1 Qc7 26. cxb6 axb6 $40) 24... cxd4 25. Rxd4 h6 26. Qb1
Rxd4 27. Rxd4 Qc7 28. Qe4 Rc8 29. Bb4 Nd7 30. Bd6 Qc6 31. Qe2 (31. Qxc6 Rxc6
32. Ke2 (32. g4 f6 33. exf6 e5 34. Rd2 Nxf6 35. Bxe5 Nxg4 $17) 32... f6 33.
exf6 e5 34. Rd2 Nxf6 $17) 31... b5 $5 32. cxb5 Qc1+ 33. Rd1 (33. Qd1 $6 Qb2 34.
Rd2 Qxb5+) 33... Qg5 $1 34. g4 (34. Rd3 Rc1+ 35. Rd1 Qxg3 $1 36. Rxc1 Qf4+ 37.
Kg1 Qxc1+ 38. Kh2 Nb6 $17) 34... Nb6 $36 35. Kg1 (35. Rd4 Rc1+ 36. Rd1 (36. Kf2
Qh4+) 36... Rc4) 35... Rc4 36. Bb8 Rxg4 (36... Ra4 $5) 37. Bxa7 Nd5 38. Rxd5 $2
(38. Rd2 $5 Rb4 $1 39. Qd1 Rxb5 40. Bd4 Nf4 $17) 38... exd5 39. e6 (39. b6 Rb4
$19) 39... Re4 40. exf7+ Kxf7 41. Qf3+ Kg8 $19 42. Bf2 (42. b6 Qc1+ 43. Kh2
Rh4+ 44. Kg3 Qe1+ 45. Qf2 Rg4+ 46. Kxg4 Qxf2 $19) 42... Qc1+ 43. Kh2 Qf4+ 44.
Qxf4 Rxf4 45. Bc5 (45. Kg1 Ra4 46. b6 Rxa2 $19) 45... Ra4 46. b6 (46. a3 Ra5
47. b6 Rxc5 48. a4 Rc4 49. a5 Rb4 $1) 46... Rxa2 47. Kg3 Rc2 $1 48. Bd6 (48.
Bd4 Rc4 49. Be5 Rb4) 48... Rb2 49. Bc5 Kf7 50. Kf4 $1 Ke6 $1 (50... Rxg2 $2 51.
Bd4 Rd2 52. Be5) 51. g4 (51. Bd4 Rb4 52. Ke3 Kf5 53. Bxg7 Rxb6 $19) 51... Rb1
52. Ke3 (52. Bd4 Rf1+ 53. Ke3 Rf7) 52... Rf1 53. Kd4 Rf4+ 54. Kd3 Rf7 55. Kd4
Rb7 $22 56. Ke3 Ke5 57. Kd3 (57. Bd4+ Kd6) 57... Kf4 0-1

[Event "Amsterdam"]
[Site "Amsterdam"]
[Date "1976.05.19"]
[Round "5"]
[White "Timman, Jan H"]
[Black "Karpov, Anatoly"]
[Result "1/2-1/2"]
[WhiteElo "2550"]
[BlackElo "2695"]
[PlyCount "89"]
[EventDate "1976.05.14"]
[EventType "tourn"]
[EventRounds "6"]
[EventCountry "NED"]
[EventCategory "14"]
[SourceDate "2006.10.07"]

1. d4 Nf6 2. c4 e6 3. Nc3 Bb4 4. Bg5 c5 5. d5 d6 6. e3 exd5 7. cxd5 Nbd7 8. Bd3
Qa5 9. Nge2 Nxd5 10. O-O Bxc3 11. bxc3 c4 12. Bf5 f6 13. Nd4 Ne7 14. Bxd7+ Bxd7
15. Bf4 O-O 16. Bxd6 Rfe8 17. Rb1 b6 18. Bxe7 Rxe7 19. Nb5 Rc8 20. Nd6 Rc7 21.
Rb4 Be6 22. Qf3 Qd5 23. Qxd5 Bxd5 24. Rd1 Be6 25. Rd4 Red7 26. f3 Kf8 27. Nb5
Rc5 28. a4 a6 29. Na3 Rxd4 30. exd4 Rc6 31. Nc2 a5 32. Rb2 Ke7 33. d5 Bxd5 34.
Nd4 Rc5 35. Rxb6 h5 36. Kf2 Kd7 37. h4 Kc7 38. Re6 Kd7 39. Rb6 Kc7 40. Re6 Kd7
41. Ra6 Bb7 42. Rb6 Kc7 43. Re6 Kd7 44. Rb6 Kc7 45. Re6 1/2-1/2

[Event "Bled/Portoroz"]
[Site "Bled"]
[Date "1979.??.??"]
[Round "?"]
[White "Timman, Jan H"]
[Black "Tseshkovsky, Vitaly"]
[Result "1-0"]
[WhiteElo "2625"]
[BlackElo "2560"]
[PlyCount "127"]
[EventDate "1979.06.??"]
[EventType "tourn"]
[EventRounds "15"]
[EventCountry "YUG"]
[EventCategory "12"]
[SourceDate "2006.10.07"]

1. Nf3 Nf6 2. c4 g6 3. Nc3 d5 4. cxd5 Nxd5 5. Qa4+ Nc6 6. Ne5 Ndb4 7. a3 Bg7 8.
axb4 Bxe5 9. b5 Nb8 10. g3 O-O 11. Bg2 Bg7 12. O-O c6 13. d3 a6 14. bxc6 Nxc6
15. Bxc6 bxc6 16. Qh4 Rb8 17. Na4 h5 18. Bd2 Bg4 19. f3 Bxb2 20. Nxb2 Qd4+ 21.
Kh1 Rxb2 22. Rad1 Rxd2 23. Rxd2 Qe3 24. fxg4 Qxd2 25. Qxe7 hxg4 26. Rf4 Qa2 27.
Rxg4 Qd5+ 28. Kg1 Qd8 29. Qxd8 Rxd8 30. Kf2 Kf8 31. Ke3 Ke7 32. Re4+ Kf6 33.
Kd2 Rb8 34. Kc3 Rb5 35. Rc4 c5 36. Ra4 Rb6 37. Ra5 Rc6 38. Kc4 Rb6 39. Ra2 Rc6
40. Kd5 Rc8 41. Rxa6+ Kg5 42. Ra4 f5 43. Rf4 Kf6 44. h4 Re8 45. Rf2 Rc8 46. g4
Rd8+ 47. Kxc5 Ke5 48. gxf5 gxf5 49. h5 Rc8+ 50. Kb4 Rh8 51. Rh2 Rh6 52. e3 f4
53. exf4+ Kxf4 54. d4 Kg3 55. Re2 Rxh5 56. Re8 Kf4 57. Kc4 Rh1 58. d5 Kf5 59.
d6 Rd1 60. Kc5 Kf6 61. Kc6 Rc1+ 62. Kd7 Ra1 63. Rf8+ Kg7 64. Rf2 1-0